=LDR 00000nam 2200000 4500 =001 NUTBA000000000000268 =005 20230302125212 =035 ##$$a 0010-031400000000267 =008 230302###########################0###### =020 ##$$a 978-979-769-291-9 =082 ##$$a 371.102 =090 ##$$a 371.102 Zai m =100 ##$$a Zainal, Asri =245 1#$$a Micro Teaching : $b Disertai dengan pedoman pengalaman lapangan /$c Drs. Zainal Asril, M.Pd. =250 ##$$a Ed. Revisi =260 ##$$a Jakarta :$b Rajawali Pers,$c 2013 =300 ##$$a xiv, 208 hlm : $b ilus ; $c 21 cm =650 #4$$a Mengajar =084 ##$$a 371.102 ZAI m =990 ##$$a 91663/BPAP-NTB/2014 =990 ##$$a 92244/BPAP-NTB/2014 =990 ##$$a 94403/BPAP-NTB/2014 =990 ##$$a 21195841/BPAP-NTB/2014 =990 ##$$a 21400256/BPAP-NTB/2014 =990 ##$$a 21400330/BPAP-NTB/2014 =990 ##$$a 0001/BPAP-NTB/20142014 =990 ##$$a 0001/BPAP-NTB/20142014 =990 ##$$a 0001/BPAP-NTB/20142015 =990 ##$$a 0001/BPAP-NTB/20142015 =990 ##$$a 0146/BPAP-NTB/2015